عرض عادي
عرض مارك
- Medical microbiology
مدخل مصطلح موضوعي
001 - رقم الضبط
- حقل الضبط: 40587
003 - معرف رقم الضبط
- حقل الضبط: OSt
005 - تاريخ ووقت أخر عملية
- حقل الضبط: 20131118181859.0
008 - عناصر بيانات ثابتة الطول
- حقل تحكم ثابت الطول: 131118|||a|||||| | ||| d
040 ## - مصدر الفهرسة
- هيئة الفهرسة الأصلية: OSt
- وكالة الكتابة: OSt
150 ## - مدخل-- مصطلح تاريخي
- عنصر مدخل المصطلح الموضوعي او الاسم الجغرافي: Medical microbiology
- تفريع شكلي: Textbooks.
670 ## - بيانات المصدر موجوده
- الاستشهاد بالمصدر: Work cat.: (OSt)0: Strelkauskas, Anthony J., 1944- 40586, Microbiology :, c2010.
